01556nam a2200325Ia 4500001001200000003000800012006001900020007001500039008004100054010001700095020002500112040002100137035002100158050002500179082001500204111008000219245014800299246008200447260003600529300003100565533015200596650007800748650005200826655002900878700003300907710013000940710001701070856012601087999001701213ebr10267443CaPaEBRm u cr cn|||||||||090112s2008 ne ab s 100 0 eng d z 2009293011 z9781586039172 (pbk.) aCaPaEBRcCaPaEBR a(OCoLC)47113332314aNA105b.I5755 2008eb04a724/.62222 aInternational DOCOMOMO Conferencen(10th :d2008 :cRotterdam, Netherlands)14aThe challenge of changeh[electronic resource] :bdealing with the legacy of the modern movement /cedited by Dirk van den Heuvel ... [et al.].1 iAt head of title :aProceedings of the 10th International DOCOMOMO Conference aAmsterdam :bIOS Press,cc2008. axvi, 549 p. :bill., maps. aElectronic reproduction.bPalo Alto, Calif. :cebrary,d2009.nAvailable via World Wide Web.nAccess may be limited to ebrary affiliated libraries. 0aModern movement (Architecture)xConservation and restorationvCongresses. 0aArchitecture, Moderny20th centuryvCongresses. 7aElectronic books.2local1 aHeuvel, Dirk van den,d1968-2 aInternational Working-Party for Documentation and Conservation of Buildings, Sites and Neighbourhoods of the Modern Movement.2 aebrary, Inc.40uhttp://site.ebrary.com/lib/rucke/Doc?id=10267443zAn electronic book accessible through the World Wide Web; click to view c24307d24307